[Event "4NCL chT 1995/96 3rd"]
[Site "Various"]
[Date "1996.02.18"]
[Round "6.62"]
[White "Cummings, David H"]
[Black "Littlewood, John Eric"]
[Result "1/2-1/2"]
[WhiteElo "2350"]
[BlackElo "2275"]
[PlyCount "52"]
[EventDate "1995.11.25"]
[EventType "team-tourn"]
[EventRounds "13"]
[EventCountry "GBR"]
[SourceTitle "BritBase"]
[Source "britbase.info"]
[SourceDate "2021.07.30"]
[SourceVersion "1"]
[SourceVersionDate "2021.07.30"]
[SourceQuality "1"]
[WhiteTeam "South Wales Dragons"]
[BlackTeam "North West Eagles"]
[WhiteTeamCountry "ENG"]
[BlackTeamCountry "ENG"]

1. d4 Nf6 2. c4 g6 3. Nc3 Bg7 4. e4 O-O 5. Bg5 c5 6. d5 d6 7. f3 h6 8. Bf4 Nh5
9. Be3 e5 10. dxe6 fxe6 11. Qd2 Qh4+ 12. Bf2 Qe7 13. O-O-O Nc6 14. Qxd6 Qxd6
15. Rxd6 Nd4 16. Nge2 Be5 17. Rxd4 cxd4 18. Bxd4 Bxd4 19. Nxd4 e5 20. Ndb5 Bd7
21. Nd6 b6 22. Nd5 Nf4 23. Nxf4 Rxf4 24. c5 bxc5 25. Bc4+ Kg7 26. Rd1 g5 {
Source: South Wales Dragons} 1/2-1/2

[Event "4NCL chT 1995/96 3rd"]
[Site "Various"]
[Date "1996.02.18"]
[Round "6.63"]
[White "Quillan, Gary"]
[Black "Morris, Charles F"]
[Result "1-0"]
[WhiteElo "2310"]
[BlackElo "2200"]
[PlyCount "61"]
[EventDate "1995.11.25"]
[EventType "team-tourn"]
[EventRounds "13"]
[EventCountry "GBR"]
[SourceTitle "BritBase"]
[Source "britbase.info"]
[SourceDate "2021.07.30"]
[SourceVersion "1"]
[SourceVersionDate "2021.07.30"]
[SourceQuality "1"]
[WhiteTeam "North West Eagles"]
[BlackTeam "South Wales Dragons"]
[WhiteTeamCountry "ENG"]
[BlackTeamCountry "ENG"]

1. e4 e6 2. d4 d5 3. Nd2 Nf6 4. e5 Nfd7 5. c3 c5 6. Bd3 Nc6 7. Ne2 cxd4 8. cxd4
f6 9. exf6 Nxf6 10. O-O Bd6 11. Nf3 Qc7 12. g3 O-O 13. Bf4 Bd7 14. Re1 Rac8 15.
Rc1 Qb8 16. Bb1 Ne4 17. Bxe4 dxe4 18. Ng5 Nb4 19. Rxc8 Rxc8 20. Nxe4 Bxf4 21.
Nxf4 Rc6 22. Nc5 Qd6 23. Nxb7 Qe7 24. Nc5 Bc8 25. a3 Na6 26. Ncxe6 Bxe6 27. d5
Rd6 28. Rxe6 Rxe6 29. dxe6 g5 30. Qd7 Kf8 31. Nd5 {Source: South Wales Dragons}
1-0

[Event "4NCL chT 1995/96 3rd"]
[Site "Various"]
[Date "1996.02.18"]
[Round "6.64"]
[White "Dineley, Richard"]
[Black "Clarke, Stuart"]
[Result "1/2-1/2"]
[WhiteElo "2255"]
[BlackElo "2280"]
[PlyCount "94"]
[EventDate "1995.11.25"]
[EventType "team-tourn"]
[EventRounds "13"]
[EventCountry "GBR"]
[SourceTitle "BritBase"]
[Source "britbase.info"]
[SourceDate "2021.07.30"]
[SourceVersion "1"]
[SourceVersionDate "2021.07.30"]
[SourceQuality "1"]
[WhiteTeam "South Wales Dragons"]
[BlackTeam "North West Eagles"]
[WhiteTeamCountry "ENG"]
[BlackTeamCountry "ENG"]

1. e4 e6 2. d4 d5 3. Nd2 Nf6 4. e5 Nfd7 5. Bd3 c5 6. c3 Nc6 7. Ne2 cxd4 8. cxd4
f6 9. exf6 Nxf6 10. O-O Bd6 11. Nf3 O-O 12. Bf4 Bxf4 13. Nxf4 Ne4 14. Ne2 Rxf3
15. gxf3 Ng5 16. Kh1 e5 17. dxe5 Nxf3 18. Ng1 Nfxe5 19. f4 Ng4 20. Qf3 d4 21.
Rae1 Nf6 22. Qg3 Be6 23. a3 Bd5+ 24. Nf3 Qf8 25. Kg1 Qf7 26. Ne5 Qh5 27. Nxc6
bxc6 28. Re5 Qg4 29. Rfe1 Qxg3+ 30. hxg3 Rb8 31. b4 a5 32. Rb1 axb4 33. axb4
Kf8 34. Ree1 Ra8 35. Ra1 Rb8 36. Reb1 Re8 37. Re1 Rb8 38. Rab1 Ra8 39. Rb2 Ra3
40. Rd1 Ng4 41. Rdd2 g5 42. Kf1 gxf4 43. gxf4 h5 44. b5 c5 45. b6 Bb7 46. Ke2
h4 47. Ra2 Rb3 {Source: South Wales Dragons} 1/2-1/2

[Event "4NCL chT 1995/96 3rd"]
[Site "Various"]
[Date "1996.02.18"]
[Round "6.65"]
[White "Tebb, David"]
[Black "Spice, Alan P"]
[Result "1-0"]
[WhiteElo "2310"]
[BlackElo "2190"]
[PlyCount "55"]
[EventDate "1995.11.25"]
[EventType "team-tourn"]
[EventRounds "13"]
[EventCountry "GBR"]
[SourceTitle "BritBase"]
[Source "britbase.info"]
[SourceDate "2021.07.30"]
[SourceVersion "1"]
[SourceVersionDate "2021.07.30"]
[SourceQuality "1"]
[WhiteTeam "North West Eagles"]
[BlackTeam "South Wales Dragons"]
[WhiteTeamCountry "ENG"]
[BlackTeamCountry "ENG"]

1. e4 e6 2. d4 d5 3. Nd2 Nc6 4. c3 dxe4 5. Nxe4 Nf6 6. Nxf6+ Qxf6 7. Nf3 h6 8.
Bb5 Bd7 9. Qe2 Bd6 10. Bd2 O-O-O 11. O-O e5 12. d5 Ne7 13. Bxd7+ Rxd7 14. c4
Ng6 15. Rac1 Qe7 16. Be3 e4 17. Nd4 Ne5 18. Nf5 Qf6 19. Ng3 Qh4 20. Bxa7 Nd3
21. Rc3 f5 22. c5 Be5 23. Rxd3 Bxg3 24. Rxg3 Rxd5 25. c6 Re8 26. cxb7+ Kxb7 27.
Rb3+ Kxa7 28. Qc4 {Source: South Wales Dragons} 1-0

[Event "4NCL chT 1995/96 3rd"]
[Site "Various"]
[Date "1996.02.18"]
[Round "6.66"]
[White "Richmond, Jane"]
[Black "James, Dale R"]
[Result "0-1"]
[WhiteElo "2180"]
[BlackElo "2235"]
[PlyCount "52"]
[EventDate "1995.11.25"]
[EventType "team-tourn"]
[EventRounds "13"]
[EventCountry "GBR"]
[SourceTitle "BritBase"]
[Source "britbase.info"]
[SourceDate "2021.07.30"]
[SourceVersion "1"]
[SourceVersionDate "2021.07.30"]
[SourceQuality "1"]
[WhiteTeam "South Wales Dragons"]
[BlackTeam "North West Eagles"]
[WhiteTeamCountry "ENG"]
[BlackTeamCountry "ENG"]

1. e4 c5 2. Nf3 Nc6 3. d4 cxd4 4. Nxd4 g6 5. Nc3 Bg7 6. Be3 Nf6 7. Be2 O-O 8.
O-O d5 9. exd5 Nxd5 10. Nxd5 Qxd5 11. Bf3 Qc4 12. b3 Qa6 13. Nxc6 bxc6 14. Rc1
Bf5 15. Qe2 Qxa2 16. g4 Be6 17. Bxc6 Rac8 18. Be4 Bxb3 19. Rfd1 Be6 20. Rb1 Qa4
21. Bg5 Rc7 22. h3 Bc4 23. Qd2 Ba2 24. Qb4 Qa6 25. Bd3 Qc6 26. Bb5 Qb7 {
Source: South Wales Dragons} 0-1

[Event "4NCL chT 1995/96 3rd"]
[Site "Various"]
[Date "1996.02.18"]
[Round "6.67"]
[White "Wolstencroft, Darryl"]
[Black "Martin, David"]
[Result "1/2-1/2"]
[WhiteElo "2205"]
[BlackElo "2155"]
[PlyCount "40"]
[EventDate "1995.11.25"]
[EventType "team-tourn"]
[EventRounds "13"]
[EventCountry "GBR"]
[SourceTitle "BritBase"]
[Source "britbase.info"]
[SourceDate "2021.07.30"]
[SourceVersion "1"]
[SourceVersionDate "2021.07.30"]
[SourceQuality "1"]
[WhiteTeam "North West Eagles"]
[BlackTeam "South Wales Dragons"]
[WhiteTeamCountry "ENG"]
[BlackTeamCountry "ENG"]

1. c4 Nf6 2. g3 g6 3. Bg2 Bg7 4. e4 d6 5. Ne2 O-O 6. O-O c5 7. Nbc3 Nc6 8. d3
Rb8 9. f4 e6 10. h3 Ne8 11. Be3 Nd4 12. Rb1 Nc7 13. b4 b6 14. Nb5 Ncxb5 15.
cxb5 Bb7 16. a4 f5 17. Qd2 Nxe2+ 18. Qxe2 Bc3 19. bxc5 dxc5 20. Rfd1 Bd4 {
Source: South Wales Dragons} 1/2-1/2

[Event "4NCL chT 1995/96 3rd"]
[Site "Various"]
[Date "1996.03.16"]
[Round "7.13"]
[White "Thompson, Ian D"]
[Black "Bellin, Robert"]
[Result "1/2-1/2"]
[WhiteElo "2300"]
[BlackElo "2385"]
[PlyCount "40"]
[EventDate "1995.11.25"]
[EventType "team-tourn"]
[EventRounds "13"]
[EventCountry "GBR"]
[SourceTitle "BritBase"]
[Source "britbase.info"]
[SourceDate "2021.07.30"]
[SourceVersion "1"]
[SourceVersionDate "2021.07.30"]
[SourceQuality "1"]
[WhiteTeam "Bristol"]
[BlackTeam "British Chess Magazine"]
[WhiteTeamCountry "ENG"]
[BlackTeamCountry "ENG"]

1. c4 e6 2. Nc3 Bb4 3. e4 b6 4. Nf3 Bb7 5. Bd3 Nc6 6. O-O Nge7 7. e5 d6 8. Be4
d5 9. cxd5 exd5 10. Bc2 d4 11. Ne4 d3 12. Bb3 Nd4 13. Ba4+ b5 14. Nxd4 Qxd4 15.
Bxb5+ c6 16. Qg4 Kf8 17. Ba4 c5 18. Re1 Qxe5 19. a3 Ba5 20. Qg3 Qd4 1/2-1/2

[Event "4NCL chT 1995/96 3rd"]
[Site "Various"]
[Date "1996.03.16"]
[Round "7.16"]
[White "Giddins, Stephen W"]
[Black "Helbig, Paul"]
[Result "1-0"]
[WhiteElo "2370"]
[BlackElo "2190"]
[PlyCount "49"]
[EventDate "1995.11.25"]
[EventType "team-tourn"]
[EventRounds "13"]
[EventCountry "GBR"]
[SourceTitle "BritBase"]
[Source "britbase.info"]
[SourceDate "2021.07.30"]
[SourceVersion "1"]
[SourceVersionDate "2021.07.30"]
[SourceQuality "1"]
[WhiteTeam "British Chess Magazine"]
[BlackTeam "Bristol"]
[WhiteTeamCountry "ENG"]
[BlackTeamCountry "ENG"]

1. d4 Nf6 2. c4 c5 3. d5 b5 4. cxb5 a6 5. bxa6 g6 6. Nc3 Bxa6 7. e4 Bxf1 8.
Kxf1 d6 9. g3 Bg7 10. Kg2 O-O 11. Nf3 Nbd7 12. Re1 Ra7 13. h3 Qa8 14. Bg5 Rb8
15. Qc2 e6 16. dxe6 fxe6 17. Rad1 d5 18. exd5 exd5 19. Re7 d4 20. Nb5 Rxa2 21.
Qc4+ Kh8 22. Nd6 Qd5 23. Qxd5 Nxd5 24. Rxd7 Rbxb2 25. Rd8+ 1-0

[Event "4NCL chT 1995/96 3rd"]
[Site "Various"]
[Date "1996.03.16"]
[Round "7.22"]
[White "Harley, Andrew D"]
[Black "Duncan, Christopher R"]
[Result "1/2-1/2"]
[WhiteElo "2270"]
[BlackElo "2325"]
[PlyCount "38"]
[EventDate "1995.11.25"]
[EventType "team-tourn"]
[EventRounds "13"]
[EventCountry "GBR"]
[SourceTitle "BritBase"]
[Source "britbase.info"]
[SourceDate "2021.07.30"]
[SourceVersion "1"]
[SourceVersionDate "2021.07.30"]
[SourceQuality "1"]
[WhiteTeam "Croydon 1859"]
[BlackTeam "Hertford"]
[WhiteTeamCountry "ENG"]
[BlackTeamCountry "ENG"]

1. e4 c5 2. c3 d5 3. exd5 Qxd5 4. d4 Nf6 5. Nf3 Nc6 6. Be2 cxd4 7. cxd4 e6 8.
O-O Be7 9. Nc3 Qd6 10. Be3 O-O 11. Rc1 Nd5 12. Qd2 Nxc3 13. bxc3 Rd8 14. Rfd1
b6 15. Bf4 Qa3 16. Ne5 Nxe5 17. Bxe5 Bb7 18. c4 Rac8 19. Rc3 Qb4 1/2-1/2

[Event "4NCL chT 1995/96 3rd"]
[Site "Various"]
[Date "1996.03.16"]
[Round "7.25"]
[White "Swanson, Stephen"]
[Black "Gormally, Daniel"]
[Result "1/2-1/2"]
[WhiteElo "2250"]
[BlackElo "2265"]
[PlyCount "81"]
[EventDate "1995.11.25"]
[EventType "team-tourn"]
[EventRounds "13"]
[EventCountry "GBR"]
[SourceTitle "BritBase"]
[Source "britbase.info"]
[SourceDate "2021.07.30"]
[SourceVersion "1"]
[SourceVersionDate "2021.07.30"]
[SourceQuality "1"]
[WhiteTeam "Hertford"]
[BlackTeam "Croydon 1859"]
[WhiteTeamCountry "ENG"]
[BlackTeamCountry "ENG"]

1. e4 c5 2. Nf3 d6 3. d4 cxd4 4. Qxd4 Nf6 5. e5 Nc6 6. Bb5 Qa5+ 7. Nc3 Qxb5 8.
Nxb5 Nxd4 9. Nfxd4 dxe5 10. Nc7+ Kd7 11. Nxa8 exd4 12. Bf4 Nd5 13. O-O-O e6 14.
Be5 b5 15. Rxd4 Bc5 16. Rg4 Bb7 17. Rxg7 Rf8 18. Rxh7 Bxa8 19. h4 Ke7 20. Rf1
Nf6 21. Rg7 Be4 22. g4 Rc8 23. c3 b4 24. h5 bxc3 25. bxc3 Rd8 26. Kb2 Rd2+ 27.
Kb3 Nd7 28. Bf4 Bd5+ 29. c4 Rd3+ 30. Kc2 Bxc4 31. Rd1 Rxd1 32. Kxd1 Bxa2 33.
Be3 Bxe3 34. fxe3 Bd5 35. h6 Kf8 36. Kd2 Ne5 37. Kc3 a5 38. Rg5 Ng6 39. e4 Bxe4
40. Rxa5 Bf3 41. g5 1/2-1/2

[Event "4NCL chT 1995/96 3rd"]
[Site "Various"]
[Date "1996.03.16"]
[Round "7.26"]
[White "Moore, Gerald"]
[Black "Byway, Paul V"]
[Result "1-0"]
[WhiteElo "2210"]
[BlackElo "2240"]
[PlyCount "77"]
[EventDate "1995.11.25"]
[EventType "team-tourn"]
[EventRounds "13"]
[EventCountry "GBR"]
[SourceTitle "BritBase"]
[Source "britbase.info"]
[SourceDate "2021.07.30"]
[SourceVersion "1"]
[SourceVersionDate "2021.07.30"]
[SourceQuality "1"]
[WhiteTeam "Croydon 1859"]
[BlackTeam "Hertford"]
[WhiteTeamCountry "ENG"]
[BlackTeamCountry "ENG"]

1. e4 e6 2. d4 d5 3. Nd2 Nf6 4. e5 Nfd7 5. Ngf3 c5 6. c3 Nc6 7. Bd3 Qb6 8. O-O
cxd4 9. cxd4 Nxd4 10. Nxd4 Qxd4 11. Nf3 Qg4 12. Re1 Be7 13. h3 Qh5 14. Kh2 g5
15. g4 Qh6 16. Kg2 Qg7 17. Be3 h6 18. Qa4 O-O 19. Rac1 f6 20. Rxc8 Nxe5 21.
Rxa8 Rxa8 22. Bb1 Qf7 23. Qc2 b6 24. Rc1 Bd6 25. Nxe5 fxe5 26. Qg6+ Qxg6 27.
Bxg6 Kg7 28. Rc6 Rd8 29. Bc2 Kf6 30. f3 Bb8 31. Kf2 Rh8 32. Bf5 Re8 33. Bd3 Rh8
34. Ke2 Ke7 35. Ba6 Kd7 36. Rc1 Bc7 37. Bb5+ Kd8 38. Rc6 Re8 39. Rxc7 1-0

[Event "4NCL chT 1995/96 3rd"]
[Site "Various"]
[Date "1996.03.16"]
[Round "7.32"]
[White "Littlewood, John Eric"]
[Black "Kinsman, Andrew PH"]
[Result "1/2-1/2"]
[WhiteElo "2275"]
[BlackElo "2365"]
[PlyCount "52"]
[EventDate "1995.11.25"]
[EventType "team-tourn"]
[EventRounds "13"]
[EventCountry "GBR"]
[SourceTitle "BritBase"]
[Source "britbase.info"]
[SourceDate "2021.07.30"]
[SourceVersion "1"]
[SourceVersionDate "2021.07.30"]
[SourceQuality "1"]
[WhiteTeam "North West Eagles"]
[BlackTeam "Guildford"]
[WhiteTeamCountry "ENG"]
[BlackTeamCountry "ENG"]

1. e4 e6 2. d3 c5 3. Nf3 Nc6 4. g3 g6 5. Bg2 Bg7 6. O-O Nge7 7. Re1 d6 8. c3
O-O 9. Na3 a6 10. d4 cxd4 11. Nxd4 Nxd4 12. cxd4 d5 13. Bg5 dxe4 14. Bxe4 h6
15. Be3 Nd5 16. Nc4 Nxe3 17. fxe3 Rb8 18. Qd2 b6 19. Qg2 Qe7 20. Rac1 Rd8 21.
Re2 Bb7 22. Rec2 Bxe4 23. Qxe4 Qb7 24. Qf4 g5 25. Qf2 Qd5 26. b3 Re8 1/2-1/2

[Event "4NCL chT 1995/96 3rd"]
[Site "Various"]
[Date "1996.03.16"]
[Round "7.35"]
[White "Granat, Russell"]
[Black "Clarke, Stuart"]
[Result "0-1"]
[WhiteElo "2265"]
[BlackElo "2280"]
[PlyCount "80"]
[EventDate "1995.11.25"]
[EventType "team-tourn"]
[EventRounds "13"]
[EventCountry "GBR"]
[SourceTitle "BritBase"]
[Source "britbase.info"]
[SourceDate "2021.07.30"]
[SourceVersion "1"]
[SourceVersionDate "2021.07.30"]
[SourceQuality "1"]
[WhiteTeam "Guildford"]
[BlackTeam "North West Eagles"]
[WhiteTeamCountry "ENG"]
[BlackTeamCountry "ENG"]

1. e4 e6 2. d4 d5 3. exd5 exd5 4. Nf3 Nf6 5. c4 Be7 6. Nc3 dxc4 7. Bxc4 O-O 8.
Ne5 Nbd7 9. f4 Nb6 10. Bb3 c5 11. Be3 Nbd5 12. Nxd5 Nxd5 13. Bxd5 Qxd5 14. Qf3
Qxf3 15. Nxf3 c4 16. O-O Be6 17. Bd2 Rfd8 18. a4 Bd5 19. Ne5 f6 20. Ng4 b6 21.
Ne3 a6 22. Rfe1 Bf8 23. Bc3 Bf7 24. Nf5 Rd7 25. Re2 Re8 26. Rxe8 Bxe8 27. Ne3
Bf7 28. Kf2 Rd8 29. Rd1 Bd5 30. Nc2 Be4 31. Ne3 Bd3 32. b3 b5 33. axb5 axb5 34.
bxc4 bxc4 35. Ra1 Rb8 36. Rc1 Ba3 37. Re1 Rb3 38. Bd2 c3 39. Bc1 Be4 40. Nc4
Bb2 0-1

[Event "4NCL chT 1995/96 3rd"]
[Site "Various"]
[Date "1996.03.16"]
[Round "7.37"]
[White "Anderton, Matthew N"]
[Black "Marley, Justin C"]
[Result "1/2-1/2"]
[WhiteElo "2145"]
[BlackElo "2020"]
[PlyCount "67"]
[EventDate "1995.11.25"]
[EventType "team-tourn"]
[EventRounds "13"]
[EventCountry "GBR"]
[SourceTitle "BritBase"]
[Source "britbase.info"]
[SourceDate "2021.07.30"]
[SourceVersion "1"]
[SourceVersionDate "2021.07.30"]
[SourceQuality "1"]
[WhiteTeam "Guildford"]
[BlackTeam "North West Eagles"]
[WhiteTeamCountry "ENG"]
[BlackTeamCountry "ENG"]

1. e4 c5 2. c3 Nf6 3. e5 Nd5 4. d4 cxd4 5. Nf3 Nc6 6. Bc4 Nb6 7. Bb3 d5 8. exd6
Qxd6 9. O-O Be6 10. Na3 dxc3 11. Qe2 Bxb3 12. axb3 O-O-O 13. bxc3 Qd3 14. Qb2
e5 15. c4 Bc5 16. Nb5 Rhe8 17. Nxa7+ Nxa7 18. Rxa7 Nxc4 19. Ra8+ Kc7 20. Rxd8
Nxb2 21. Rxe8 Qxb3 22. Nxe5 f6 23. Nf3 Nd3 24. Be3 Kd7 25. Re4 f5 26. Ne5+ Nxe5
27. Rxe5 Bxe3 28. Rxe3 Qd5 29. Ree1 Kc8 30. Rc1+ Kb8 31. Rfd1 Qe6 32. Rb1 Kc7
33. Rdc1+ Kb8 34. Rb2 1/2-1/2

[Event "4NCL chT 1995/96 3rd"]
[Site "Various"]
[Date "1996.03.16"]
[Round "7.41"]
[White "Ward, Christopher"]
[Black "Cooper, John Grantley"]
[Result "0-1"]
[WhiteElo "2505"]
[BlackElo "2390"]
[PlyCount "82"]
[EventDate "1995.11.25"]
[EventType "team-tourn"]
[EventRounds "13"]
[EventCountry "GBR"]
[SourceTitle "BritBase"]
[Source "britbase.info"]
[SourceDate "2021.07.30"]
[SourceVersion "1"]
[SourceVersionDate "2021.07.30"]
[SourceQuality "1"]
[WhiteTeam "Wood Green"]
[BlackTeam "South Wales Dragons"]
[WhiteTeamCountry "ENG"]
[BlackTeamCountry "ENG"]

1. d4 Nf6 2. c4 e6 3. Nc3 Bb4 4. g3 O-O 5. Bg2 d5 6. Nf3 dxc4 7. O-O Bd7 8. Ne5
Bc6 9. e4 Bxc3 10. Nxc6 Nxc6 11. bxc3 Rb8 12. Rb1 b5 13. Bg5 Ne7 14. f4 Nd7 15.
e5 f6 16. exf6 Nxf6 17. a4 a6 18. Qe2 Rb6 19. Bh3 Nf5 20. g4 Ne7 21. Rbe1 Ned5
22. Rf3 Qd6 23. a5 Rc6 24. Qe5 Nd7 25. Qe4 b4 26. cxb4 c3 27. f5 exf5 28. Rxf5
N7f6 29. Qe5 Qxb4 30. Bc1 Rd6 31. g5 Nd7 32. Rxf8+ Nxf8 33. Rf1 Rd8 34. Bg2 c6
35. Be4 Qd6 36. Qf5 Ng6 37. Qf7+ Kh8 38. h4 Rf8 39. Qb7 Qg3+ 40. Bg2 Ngf4 41.
Bxf4 Nxf4 {Source: South Wales Dragons} 0-1

[Event "4NCL chT 1995/96 3rd"]
[Site "Various"]
[Date "1996.03.16"]
[Round "7.42"]
[White "Cummings, David H"]
[Black "Littlewood, Paul E"]
[Result "1-0"]
[WhiteElo "2350"]
[BlackElo "2445"]
[PlyCount "79"]
[EventDate "1995.11.25"]
[EventType "team-tourn"]
[EventRounds "13"]
[EventCountry "GBR"]
[SourceTitle "BritBase"]
[Source "britbase.info"]
[SourceDate "2021.07.30"]
[SourceVersion "1"]
[SourceVersionDate "2021.07.30"]
[SourceQuality "1"]
[WhiteTeam "South Wales Dragons"]
[BlackTeam "Wood Green"]
[WhiteTeamCountry "ENG"]
[BlackTeamCountry "ENG"]

1. d4 Nf6 2. c4 g6 3. Nc3 Bg7 4. e4 d6 5. Nf3 O-O 6. Be2 Nbd7 7. O-O e5 8. Be3
h6 9. dxe5 dxe5 10. Nd2 Nh7 11. c5 f5 12. f3 f4 13. Bf2 g5 14. Nc4 Kh8 15. Qa4
Nb8 16. Rad1 Bd7 17. Qb3 Qc8 18. Nd5 Nc6 19. Rd2 h5 20. Rfd1 Be6 21. Qc3 g4 22.
Bh4 Re8 23. b4 Bxd5 24. Rxd5 Qe6 25. b5 Nd4 26. Qd3 Qg6 27. Kf1 Nxe2 28. Qxe2
Nf8 29. a4 Qe6 30. Bf2 Ng6 31. Kg1 Rg8 32. Rd7 Rac8 33. a5 Nf8 34. R7d5 Bf6 35.
Nxe5 g3 36. hxg3 fxg3 37. Bd4 Qe8 38. Qe3 Kh7 39. Qf4 Qe6 40. Nc4 {Source:
Paul Littlewood} 1-0

[Event "4NCL chT 1995/96 3rd"]
[Site "Various"]
[Date "1996.03.16"]
[Round "7.43"]
[White "Martin, Benjamin"]
[Black "Saunders, John C"]
[Result "1-0"]
[WhiteElo "2375"]
[BlackElo "2245"]
[PlyCount "59"]
[EventDate "1995.11.25"]
[EventType "team-tourn"]
[EventRounds "13"]
[EventCountry "GBR"]
[SourceTitle "BritBase"]
[Source "britbase.info"]
[SourceDate "2021.07.30"]
[SourceVersion "1"]
[SourceVersionDate "2021.07.30"]
[SourceQuality "1"]
[WhiteTeam "Wood Green"]
[BlackTeam "South Wales Dragons"]
[WhiteTeamCountry "ENG"]
[BlackTeamCountry "ENG"]

1. e4 g6 2. d4 Bg7 3. Nc3 c6 4. Nf3 d6 5. h3 Nd7 6. a4 a5 7. Be2 e5 8. Be3 Ne7
9. Qd2 f5 10. dxe5 Nxe5 11. Bh6 Nxf3+ 12. gxf3 Bxh6 13. Qxh6 Kf7 14. O-O-O Be6
15. Qf4 d5 16. exd5 Nxd5 17. Nxd5 cxd5 18. Bc4 Rc8 19. Bb3 Rc5 20. h4 Qf6 21.
Rhe1 Rhc8 22. Rd2 b5 23. Rde2 R8c6 24. Qh6 Kg8 25. Qd2 Kg7 26. Qxa5 bxa4 27.
Qxa4 Bf7 28. Re7 f4 29. Qa7 Rxc2+ 30. Bxc2 1-0

[Event "4NCL chT 1995/96 3rd"]
[Site "Various"]
[Date "1996.03.16"]
[Round "7.44"]
[White "Morris, Charles F"]
[Black "Law, Andrew P"]
[Result "0-1"]
[WhiteElo "2200"]
[BlackElo "2355"]
[PlyCount "50"]
[EventDate "1995.11.25"]
[EventType "team-tourn"]
[EventRounds "13"]
[EventCountry "GBR"]
[SourceTitle "BritBase"]
[Source "britbase.info"]
[SourceDate "2021.07.30"]
[SourceVersion "1"]
[SourceVersionDate "2021.07.30"]
[SourceQuality "1"]
[WhiteTeam "South Wales Dragons"]
[BlackTeam "Wood Green"]
[WhiteTeamCountry "ENG"]
[BlackTeamCountry "ENG"]

1. c4 e5 2. Nc3 Nf6 3. g3 Bb4 4. Bg2 O-O 5. e4 Bxc3 6. bxc3 Re8 7. d3 c6 8. Bg5
h6 9. Bxf6 Qxf6 10. Ne2 d6 11. h3 Qg6 12. O-O f5 13. f4 fxe4 14. dxe4 exf4 15.
Nxf4 Qxg3 16. Rf3 Qg5 17. Qxd6 Na6 18. Kh1 Nc5 19. Ng6 Bg4 20. Rg3 Rad8 21. Qc7
Rd7 22. Qa5 Nxe4 23. Qxg5 Nxg3+ 24. Kh2 hxg5 25. hxg4 Ne2 0-1

[Event "4NCL chT 1995/96 3rd"]
[Site "Various"]
[Date "1996.03.16"]
[Round "7.45"]
[White "Sowray, Peter John"]
[Black "Spice, Alan P"]
[Result "0-1"]
[WhiteElo "2345"]
[BlackElo "2190"]
[PlyCount "58"]
[EventDate "1995.11.25"]
[EventType "team-tourn"]
[EventRounds "13"]
[EventCountry "GBR"]
[SourceTitle "BritBase"]
[Source "britbase.info"]
[SourceDate "2021.07.30"]
[SourceVersion "1"]
[SourceVersionDate "2021.07.30"]
[SourceQuality "1"]
[WhiteTeam "Wood Green"]
[BlackTeam "South Wales Dragons"]
[WhiteTeamCountry "ENG"]
[BlackTeamCountry "ENG"]

1. d4 e6 2. Nf3 f5 3. g3 Nf6 4. Bg2 Be7 5. O-O O-O 6. b3 a5 7. c4 d6 8. Bb2 Qe8
9. Nc3 c6 10. Qd3 d5 11. e3 Ne4 12. Ne5 Nd7 13. Nxd7 Bxd7 14. Ne2 b5 15. f3
bxc4 16. bxc4 Nd6 17. c5 Nc4 18. Bc3 Bc8 19. e4 Ba6 20. Rfe1 Bg5 21. Nc1 fxe4
22. fxe4 Qh5 23. h4 Bh6 24. Qe2 Qxe2 25. Rxe2 Ne3 26. Rb2 Nd1 27. Bh3 Nxc3 28.
Bxe6+ Kh8 29. exd5 Nxd5 0-1

[Event "4NCL chT 1995/96 3rd"]
[Site "Various"]
[Date "1996.03.16"]
[Round "7.46"]
[White "Williams, Leighton"]
[Black "Lee, Graham D"]
[Result "0-1"]
[WhiteElo "2110"]
[BlackElo "2355"]
[PlyCount "54"]
[EventDate "1995.11.25"]
[EventType "team-tourn"]
[EventRounds "13"]
[EventCountry "GBR"]
[SourceTitle "BritBase"]
[Source "britbase.info"]
[SourceDate "2021.07.30"]
[SourceVersion "1"]
[SourceVersionDate "2021.07.30"]
[SourceQuality "1"]
[WhiteTeam "South Wales Dragons"]
[BlackTeam "Wood Green"]
[WhiteTeamCountry "ENG"]
[BlackTeamCountry "ENG"]

1. d4 Nf6 2. c4 c5 3. d5 e5 4. Nc3 d6 5. e4 Be7 6. Bd3 O-O 7. f4 exf4 8. Bxf4
Nbd7 9. Nf3 Nh5 10. Be3 Bf6 11. e5 Bxe5 12. Bxh7+ Kxh7 13. Ng5+ Kg8 14. Qxh5
Nf6 15. Qh4 Bxc3+ 16. bxc3 Re8 17. Qf4 b5 18. O-O bxc4 19. Rae1 Re5 20. Qh4 Bf5
21. Rf3 Qd7 22. Ref1 Rae8 23. Bd2 Rxd5 24. Qxc4 Rxd2 25. Rxf5 Ree2 26. R1f3
Rxg2+ 27. Kf1 Rxh2 {Source: BCM, May 1996, p266} 0-1